Foundations of electromagnetic theory

保存先:
書誌詳細
第一著者: Reitz, John R.
フォーマット: 図書
言語:Undetermined
出版事項: Reading, Mass Addison-Wesley 1993
主題:
タグ: タグ追加
タグなし, このレコードへの初めてのタグを付けませんか!
Thư viện lưu trữ: Trung tâm Học liệu Trường Đại học Cần Thơ
LEADER 00533nam a2200181Ia 4500
001 CTU_148840
008 210402s9999 xx 000 0 und d
082 |a 530.141 
082 |b R379 
100 |a Reitz, John R. 
245 0 |a Foundations of electromagnetic theory 
245 0 |c John R. Reitz, Frederic J. Milford, Robert W. Christy 
260 |a Reading, Mass 
260 |b Addison-Wesley 
260 |c 1993 
650 |a Electromagnetic theory. 
904 |i Tuyến 
980 |a Trung tâm Học liệu Trường Đại học Cần Thơ